Podnikanie v družstve z pohľadu aktuálnej legislatívy

Článok opisuje premeny obchodných spoločností a družstva, a taktiež účtovanie v družstve aj s príkladmi. Družstvo z pohľadu Obchodného zákonníka. Účtovanie vzniku družstva.

Salvato in:
Dettagli Bibliografici
Autore principale: Böszörményi, Jana
Natura: Capitolo di libro
Lingua:slovacco
Soggetti:
Tags: Aggiungi Tag
Nessun Tag, puoi essere il primo ad aggiungerne!!

MARC

LEADER 00000naa a2200000 4500
001 0306326
005 20250709102602.2
041 0 |a slo 
044 |a SK 
245 1 0 |a Podnikanie v družstve z pohľadu aktuálnej legislatívy  |c Jana Böszörmenyi 
520 |a Článok opisuje premeny obchodných spoločností a družstva, a taktiež účtovanie v družstve aj s príkladmi. Družstvo z pohľadu Obchodného zákonníka. Účtovanie vzniku družstva. 
610 2 0 |a účtovníctvo daňové 
610 2 0 |a účtovníctvo podvojné 
610 2 0 |a družstvá 
610 2 0 |a spoločnosti obchodné 
610 2 0 |a formy organizačno-právne 
610 2 0 |a postupy účtovné 
610 2 0 |a knihy účtovné 
610 2 0 |a zákony 
610 2 0 |a zákonník obchodný 
100 1 |a Böszörményi, Jana